Sudden Death - Nachbarländer der Schweiz - Statistiken

Allgemein
  • Dieses Quiz wurde 96 mal gespielt
  • Das Durchschnittsergebnis liegt bei 5 aus 6
Answers on the Grid
Answers color-coded by a green-red scale on the quiz's grid according to % correct below.
Liechtenstein🇱🇮
Deutschland🇩🇪
Österreich🇦🇹
Italien🇮🇹
Frankreich🇫🇷
Schweiz🇨🇭
Belgien🇧🇪
Niederlande🇳🇱
Luxemburg🇱🇺
Slowenien🇸🇮
Slowakei🇸🇰
Ungarn🇭🇺
Tschechien🇨🇿
Polen🇵🇱
Kroatien🇭🇷
San Marino🇸🇲
Monaco🇲🇨
Dänemark🇩🇰
Spanien🇪🇸
Andorra🇦🇩
 
Antwortstatistiken
Antwort % Korrekt
Deutschland🇩🇪
96%
Österreich🇦🇹
94%
Frankreich🇫🇷
91%
Italien🇮🇹
90%
Liechtenstein🇱🇮
89%
Schweiz🇨🇭
77%
Keine übereinstimmenden Quizze gefunden
Verteilung der Resultate
Anzahl Personen mit jedem Resultat
Perzentil nach korrekt beantworteten Fragen
Ihre Resultats-Entwicklung
Sie haben dieses Quiz noch nicht gespielt